洞天福地 (Record no. 54557)

000 -LEADER
fixed length control field 00479nam a22001937a 4500
003 - CONTROL NUMBER IDENTIFIER
control field MPLRDC
005 - DATE AND TIME OF LATEST TRANSACTION
control field 20220104155550.0
008 - FIXED-LENGTH DATA ELEMENTS--GENERAL INFORMATION
fixed length control field 210129b ||||| |||| 00| 0 eng d
020 ## - INTERNATIONAL STANDARD BOOK NUMBER
International Standard Book Number 957-9263-79-5
082 ## - DEWEY DECIMAL CLASSIFICATION NUMBER
Classification number 411.12 ZZX-2
100 ## - MAIN ENTRY--PERSONAL NAME
Personal name 张振兴
245 ## - TITLE STATEMENT
Title 洞天福地
Statement of responsibility, etc.
250 ## - EDITION STATEMENT
Edition statement 一版五刷
260 ## - PUBLICATION, DISTRIBUTION, ETC.
Place of publication, distribution, etc. 台湾
Name of publisher, distributor, etc. 紫宸社文化事业有限公司
Date of publication, distribution, etc. 2001
300 ## - PHYSICAL DESCRIPTION
Other physical details
490 ## - SERIES STATEMENT
Series statement 养生之道. 14
650 ## - SUBJECT ADDED ENTRY--TOPICAL TERM
Topical term or geographic name entry element 呼吸法
942 ## - ADDED ENTRY ELEMENTS (KOHA)
Koha item type Book
-- 411.12 ZZX-2
Holdings
Withdrawn status Lost status Source of classification or shelving scheme Damaged status Not for loan Collection code Home library Current library Shelving location Date acquired Cost, normal purchase price Total Checkouts Full call number Barcode Date last seen Date last checked out Price effective from Koha item type Public note
            Malaysian Public Library, Research and Development Centre Malaysian Public Library, Research and Development Centre   10/12/2007 29.85   411.12 ZZX-2 00054745 18/03/2021 14/07/2012 18/03/2021 Book mplrdc

© 2022. Malaysian Public Library, Research and Development Centre. All Right ReservedE-mailmplrdc@help.edu.my 

Powered by Koha